[Event "Medellin de La Raza U2000 op"]
[Site "Medellin"]
[Date "2023.10.15"]
[Round "7"]
[White "Barajas Hernandez, Nestor Giovany"]
[Black "Garces Rivera, Juliana Andrea"]
[Result "0-1"]
[WhiteElo "1110"]
[BlackElo "1510"]
[PlyCount "148"]
[EventDate "2023.10.12"]
[EventType "swiss"]
[EventRounds "9"]
[EventCountry "COL"]
[SourceTitle "Mega2024 Update 01"]
[Source "Chessbase"]
[SourceDate "2023.11.12"]
[SourceVersion "1"]
[SourceVersionDate "2023.11.12"]
[SourceQuality "1"]

1. e4 e5 2. Nf3 Nc6 3. Bc4 d6 4. h3 Nf6 5. Nc3 Qe7 6. 0-0 Be6 7. Bb3 0-0-0 8. d4 exd4 9. Nxd4 Nxd4 10. Qxd4 Kb8 11. Be3 c5 12. Qa4 Bd7 13. Qc4 Be8 14. a4 a6 15. f3 d5 16. exd5 Qxe3+ 17. Kh1 Bd6 18. f4 Bd7 19. Rae1 Qd4 20. Qxd4 cxd4 21. Ne4 Nxe4 22. Rxe4 Bc5 23. a5 Bb5 24. Rfe1 d3 25. cxd3 Bxd3 26. Re5 f6 27. Re6 g5 28. Rxf6 gxf4 29. Rxf4 Bb4 30. Rxb4 Rhg8 31. d6 Rg3 32. Kh2 Rg5 33. Re7 Rxd6 34. Rbxb7+ Kc8 35. Be6+ Kd8 36. Rxh7 Bxh7 37. Bg4 Be4 38. Rb4 Bf5 39. Be2 Rdg6 40. g4 Bd7 41. Bd3 Rd6 42. Be2 Rd2 43. Re4 Rxb2 44. Kg3 Rxa5 45. Kh4 Rb6 46. Rd4 Rh6+ 47. Kg3 Ra3+ 48. Kf4 Ra4 49. Bc4 Rxh3 50. Ke5 Ke7 51. g5 Ra5+ 52. Kf4 Rh4+ 53. Ke3 Rxd4 54. Kxd4 Rxg5 55. Bxa6 Kf6 56. Ke3 Rg4 57. Be2 Rh4 58. Bf3 Ke5 59. Kd3 Bf5+ 60. Ke3 Rc4 61. Bh5 Rc3+ 62. Kd2 Rh3 63. Bf7 Ke4 64. Bc4 Kd4 65. Bf1 Rh2+ 66. Be2 Bg4 67. Kc2 Rxe2+ 68. Kb3 Re8 69. Kb4 Rb8+ 70. Ka5 Kc4 71. Ka6 Kc5 72. Ka7 Rb1 73. Ka6 Rb2 74. Ka5 Ra2# 0-1

[Event "Medellin de La Raza U2000 op"]
[Site "Medellin"]
[Date "2023.10.14"]
[Round "5"]
[White "Buitrago, Ana Sofia"]
[Black "Garces Rivera, Juliana Andrea"]
[Result "1-0"]
[WhiteElo "1230"]
[BlackElo "1510"]
[PlyCount "55"]
[EventDate "2023.10.12"]
[EventType "swiss"]
[EventRounds "9"]
[EventCountry "COL"]
[SourceTitle "Mega2024 Update 01"]
[Source "Chessbase"]
[SourceDate "2023.11.12"]
[SourceVersion "1"]
[SourceVersionDate "2023.11.12"]
[SourceQuality "1"]

1. e4 e5 2. Nf3 Nc6 3. Bc4 Nf6 4. d4 Nxe4 5. 0-0 Qe7 6. Re1 f5 7. dxe5 Nxe5 8. Nxe5 Qxe5 9. Nc3 Bc5 10. Nxe4 fxe4 11. Qd5 Qxd5 12. Bxd5 Be7 13. Rxe4 h6 14. Bd2 g5 15. Rae1 Rh7 16. Bc3 d6 17. Bf6 Kf8 18. Bxe7+ Rxe7 19. Rxe7 Bf5 20. Rf7+ Kg8 21. Rxf5+ Kg7 22. Rf7+ Kg6 23. Ree7 Kh5 24. Rh7 Rf8 25. Re6 Rf5 26. Rhxh6+ Kg4 27. h3+ Kf4 28. g3# 1-0